Occurrence of Colletotrichum leaf spot disease of rubber in India (Record no. 47030)

MARC details
000 -LEADER
fixed length control field 00552nam a2200193Ia 4500
100 ## - MAIN ENTRY--AUTHOR NAME
Personal name Rajalakshmy V K
245 #0 - TITLE STATEMENT
Title Occurrence of Colletotrichum leaf spot disease of rubber in India
260 ## - PUBLICATION, DISTRIBUTION, ETC. (IMPRINT)
Name of publisher Indian Journal of Natural Rubber Research
Year of publication 1988
300 ## - PHYSICAL DESCRIPTION
Number of Pages 50-52
650 ## - SUBJECT ADDED ENTRY--TOPICAL TERM
Topical Term Colletotrichum
650 ## - SUBJECT ADDED ENTRY--TOPICAL TERM
Topical Term Colletotrichum
650 ## - SUBJECT ADDED ENTRY--TOPICAL TERM
Topical Term Hevea brasiliensis
650 ## - SUBJECT ADDED ENTRY--TOPICAL TERM
Topical Term Hevea brasiliensis
650 ## - SUBJECT ADDED ENTRY--TOPICAL TERM
Topical Term Leaf spot disease
650 ## - SUBJECT ADDED ENTRY--TOPICAL TERM
Topical Term Leaf spot disease
700 ## - ADDED ENTRY--PERSONAL NAME
Personal name Joseph A
942 ## - ADDED ENTRY ELEMENTS (KOHA)
Koha item type Articles
Holdings
Withdrawn status Lost status Damaged status Not for loan Home library Current library Shelving location Date acquired Serial Enumeration / chronology Koha item type
      Articles RRII Library RRII Library Pathology 20/12/2021 Volume 1, Issue 1 Articles